| 000 | 00968cam a22002414a 4500 | ||
|---|---|---|---|
| 001 | 14260530 | ||
| 005 | 20241213112616.0 | ||
| 008 | 060210s2006 ke b 001 0 eng | ||
| 020 | _a9966805788 | ||
| 020 | _a9789966805782 | ||
| 020 | _a0310264731 | ||
| 020 | _a9780310264736 | ||
| 050 | 0 | 0 |
_aBS491.3 _b.A47 2006 |
| 082 | 0 | 0 |
_a220.7096 _222 |
| 245 | 0 | 0 |
_aAfrica Bible commentary / _cgeneral editor, Tokunboh Adeyemo ; theological editors, Soloman Andria ... [et al.] ; theological advisors, Kwame Bediako, Isabel Apawo Phiri, Yusufu Turaki. |
| 260 |
_aNairobi, Kenya : _bWordAlive Publishers ; _aGrand Rapids, Mich. : _bZondervan, _c2006. |
||
| 300 |
_axviii, 1585, [1] p. ; _c25 cm. |
||
| 650 | 0 |
_aTheology _zAfrica. |
|
| 700 | 1 | _aAdeyemo, Tokunboh. | |
| 856 | 4 | 1 |
_3Table of contents _uhttp://www.loc.gov/catdir/toc/ecip069/2006004692.html |
| 856 | 4 | 2 |
_3Publisher description _uhttp://www.loc.gov/catdir/enhancements/fy0633/2006004692-d.html |
| 942 |
_2lcc _cBK _n0 |
||
| 999 |
_c2135 _d2135 |
||